| 000 | 00550 a2200181 4500 | ||
|---|---|---|---|
| 999 |
_c32195 _d32195 |
||
| 003 | OSt | ||
| 005 | 20260220150025.0 | ||
| 008 | 260220b ||||| |||| 00| 0 eng d | ||
| 020 | _a9780521168243 | ||
| 040 | _c. | ||
| 082 |
_a330.9402 _bP2732 |
||
| 100 |
_96670 _aParthasarathi, Prasannan |
||
| 245 |
_aWhy Europe Grew Rich and Asia Did Not: Global Economic Divergence, 1600-1850 / _cPrasannan Parthasarathi |
||
| 260 |
_bCambridge University Press, _aNew York : _c2011. |
||
| 300 | _a365 p. | ||
| 650 | 0 |
_94850 _aEconomic History |
|
| 942 |
_2ddc _cBK |
||